| 000 | 00615nam a2200217Ia 4500 | ||
|---|---|---|---|
| 003 | IIN | ||
| 005 | 20240209121845.0 | ||
| 008 | 231217s9999 xx 000 0 und d | ||
| 020 |
_cRs.2395.00 _a8184483090 |
||
| 040 |
_aIIN _bEnglish |
||
| 082 |
_a610.73 _bWIL |
||
| 100 | 1 | _aWilkinson, Judith M. | |
| 245 | 1 |
_aFundamentals of Nursing / _cJudith M. Wilkinson and Karen Van Leuven |
|
| 260 |
_aNew Delhi : _bJaypee, _c2008 |
||
| 300 | _axviii, 1024p. | ||
| 440 |
_aThinking and Doing _vVol.2 |
||
| 650 | 1 |
_aFoundation _vNursing |
|
| 650 | 1 |
_aFundamentals _vNursing |
|
| 700 | 1 | _aLeuven, Karen Van | |
| 942 | _cBOOK | ||
| 999 |
_c412 _d412 |
||